|
|
|
|
| LEADER |
00000nam a2200000 4500 |
| 001 |
vtls012130888 |
| 003 |
SK-MaSNL |
| 005 |
20260425224425.0 |
| 008 |
220412s2022 xo f l 000 0 slo |
| 015 |
|
|
|a SNBI2022
|
| 020 |
|
|
|a 9788081622281
|q (brožované)
|
| 040 |
|
|
|a SNK
|b slo
|c SNK
|e rda
|
| 041 |
0 |
|
|a slo
|
| 043 |
|
|
|a e-xo---
|
| 044 |
|
|
|a xo
|c SK
|
| 072 |
|
7 |
|a 343
|x Trestné právo
|2 konspekt
|
| 072 |
|
7 |
|a 342
|x Ústavné právo. Správne právo
|2 konspekt
|
| 080 |
|
|
|a 343
|2 2011
|
| 080 |
|
|
|a 342.9
|2 2011
|
| 080 |
|
|
|a (437.6)
|2 2011
|
| 080 |
|
|
|a (094.5)
|2 2011
|
| 080 |
|
|
|a (094.58)
|2 2011
|
| 245 |
0 |
0 |
|a Trestné právo 2022 po novelách k 1.1.2022
|
| 246 |
3 |
4 |
|a Trestný zákon a poriadok, Trestná zodpovednosť, Zákon o Policajnom zbore, Priestupky, Register trestov
|
| 264 |
|
1 |
|a Žilina
|b Poradca, s.r.o.
|c 2022
|
| 300 |
|
|
|a 431 strán
|c 21 cm
|
| 336 |
|
|
|a text
|b txt
|2 rdacontent
|
| 337 |
|
|
|a bez média
|b n
|2 rdamedia
|
| 338 |
|
|
|a zväzok
|b nc
|2 rdacarrier
|
| 500 |
|
|
|a Na obálke pod názvom: Súvisiace predpisy z oblasti trestného práva po novelách
|
| 500 |
|
|
|a Na obálke: Trestný zákon a poriadok, Trestná zodpovednosť, Zákon o Policajnom zbore, Priestupky, Register trestov
|
| 504 |
|
|
|a Obsahuje bibliografické odkazy
|
| 505 |
2 |
0 |
|t Zákon č. 300/2005 Z.z. Trestný zákon --
|t Zákon č. 301/2005 Z.z. Trestný poriadok --
|t Zákon č. 330/2007 Z.z. o registri trestov --
|t Zákon č. 91/2016 Z.z. o trestnej zodpovednosti právnických osôb --
|t Zákon č. 274/2017 Z.z. o obetiach trestných činov --
|t Zákon č. 256/1998 Z.z. o ochrane svedka --
|t Zákon č. 54/2019 Z.z. o ochrane oznamovateľov protispoločenskej činnosti --
|t Zákon č. 236/2017 Z.z. o európskom vyšetrovacom príkaze v trestných veciach --
|t Zákon č. 312/2020 Z.z. o výkone rozhodnutia o zaistení majetku a správe zaisteného majetku --
|t Zákon č. 650/2005 Z.z. o vykonaní príkazu na zaistenie majetku alebo dôkazov v Európskej únii --
|t Vyhláška MS SR č. 618/2005 Z.z. o tvorbe spisu orgánmi činnými v trestnom konaní a súdmi --
|t Vyhláška MS SR č. 619/2005 Z.z. o podmienkach a postupe prokurátora pri konaní o dohode o uznaní viny a prijatí trestu --
|t Vyhláška MV SR č. 192/2017 Z.z. o rozsahu vykonávania rozhodnutí, opatrení a úkonov trestného konania vo vyšetrovaní alebo skrátenom vyšetrovaní --
|t Zákon č. 231/1019 Z.z. o výkone detencie --
|t Zákon č. 372/1990 Zb. o priestupkoch --
|t Zákon NR SR č. 171/1993 Z.z. o Policajnom zbore
|
| 650 |
0 |
7 |
|a trestné právo
|2 SNKPH
|9 984
|
| 650 |
0 |
7 |
|a správne právo
|2 SNKPH
|9 2266
|
| 650 |
0 |
7 |
|a Criminal law
|2 SNKPHeng
|9 266961
|
| 650 |
0 |
7 |
|a Administrative law
|2 SNKPHeng
|9 275866
|
| 651 |
|
7 |
|a Slovensko
|2 SNKPH
|9 14231
|
| 651 |
|
7 |
|a Slovakia
|2 SNKPHeng
|9 92630
|
| 655 |
|
7 |
|a zákony
|2 SNKPH
|9 70186
|
| 655 |
|
7 |
|a vyhlášky
|2 SNKPH
|9 70671
|
| 655 |
|
7 |
|a Laws
|2 SNKPHeng
|9 266957
|
| 655 |
|
7 |
|a Promulgations
|2 SNKPHeng
|9 292513
|
| 710 |
1 |
2 |
|a Slovensko.
|t Trestný zákon (2005, novela 2022)
|9 368959
|
| 710 |
1 |
2 |
|a Slovensko.
|t Trestný poriadok (2005, novela 2021)
|9 368960
|
| 710 |
1 |
2 |
|a Slovensko.
|t Zákon o registri trestov (2007, novela 2022)
|9 368961
|
| 710 |
1 |
2 |
|a Slovensko.
|t Zákon o trestnej zodpovednosti právnických osôb (2016, novela 2021)
|9 368962
|
| 710 |
1 |
2 |
|a Slovensko.
|t Zákon o obetiach trestných činov (2017, novela 2021)
|9 368963
|
| 710 |
1 |
2 |
|a Slovensko.
|t Zákon o ochrane svedka (1998, novela 2016)
|9 368964
|
| 710 |
1 |
2 |
|a Slovensko.
|t Zákon o ochrane oznamovateľov protispoločenskej činnosti (2019)
|9 368965
|
| 710 |
1 |
2 |
|a Slovensko.
|t Zákon o európskom vyšetrovacom príkaze v trestných veciach (2017)
|9 368966
|
| 710 |
1 |
2 |
|a Slovensko.
|t Zákon o výkone rozhodnutia o zaistení majetku a správe zaisteného majetku (2020, novela 2021)
|9 368967
|
| 710 |
1 |
2 |
|a Slovensko.
|t Zákon o vykonaní príkazu na zaistenie majetku alebo dôkazov v Európskej únii (2005, novela 2021)
|9 368968
|
| 710 |
1 |
2 |
|a Slovensko.
|t Zákon o vykone detencie (2019, novela 2020)
|9 368969
|
| 710 |
1 |
2 |
|a Slovensko.
|t Zákon o priestupkoch (1990, novela 2021)
|9 368970
|
| 710 |
1 |
2 |
|a Slovensko.
|t Zákon o Policajnom zbore (1993, novela 2021)
|9 368971
|
| 730 |
0 |
2 |
|a Vyhláška MS SR o tvorbe spisu orgánmi činnými v trestnom konaní a súdmi (2005, novela 2020)
|9 368972
|
| 730 |
0 |
2 |
|a Vyhláška MS SR o podmienkach a postupe prokurátora pri konaní o dohode o uznaní viny a prijatí trestu (2005, novela 2006)
|9 368973
|
| 730 |
0 |
2 |
|a Vyhláška MS SR o rozsahu vykonávania rozhodnutí, opatrení a úkonov trestného konania vo vyšetrovaní alebo skrátenom vyšetrovaní (2022)
|9 368974
|
| 919 |
|
|
|a 978-80-8162-228-1
|
| 954 |
|
|
|a odborná, vedecká literatúra pôvodná (slovenská)
|2 lita
|
| 958 |
|
|
|a NB
|
| 999 |
|
|
|c 613299
|d 615229
|
| 952 |
|
|
|a SNK
|b SNK
|y PREZ
|7 0
|p 17A1481461
|o snkSC 196887
|i snk2022/5481
|8 0
|0 0
|1 0
|4 0
|d 2022-04-12
|f 1
|l 0
|r 2025-10-16 00:00:00
|w 2026-02-23
|
| 952 |
|
|
|a SNK
|b SNK
|y VYP
|7 0
|p 17A1492423
|o snkSC 196887 D1
|i snk2022/11647
|8 0
|0 0
|1 0
|4 0
|d 2022-07-25
|l 0
|r 2026-02-23 16:29:54
|w 2026-02-23
|